Ve spárech reklamy /

Gespeichert in:
Bibliographische Detailangaben
1. Verfasser: Zeman, Jan (Verfasst von)
Format: Buch
Sprache:Tschechisch
Veröffentlicht: Praha : Grada Publishing, 1994
Schlagworte:
Online-Zugang:OBSAH
Tags: Tag hinzufügen
Keine Tags, Fügen Sie das erste Tag hinzu!

MARC

LEADER 00000nam a22000003a 4500
001 stu20905
005 20190206132413.1
008 970115s1994----xr------------------cze-d
020 |a 80-7169-097-X 
040 |a STU  |b slo 
041 0 |a cze 
044 |a xr 
080 |a 339.138  |7 stu_us_auth*stu8219 
080 |a 659 
100 1 |a Zeman, Jan  |4 aut 
245 1 |a Ve spárech reklamy /  |c [aut.]Zeman,Jan 
260 |a Praha :  |b Grada Publishing,  |c 1994 
300 |a 85 s :  |b Lit 
650 7 |a reklama  |2 stusub 
856 4 |a https://sweb.mtf.stuba.sk/obsahy/ve_sparech_reklamy_94.pdf  |u https://sweb.mtf.stuba.sk/obsahy/ve_sparech_reklamy_94.pdf  |3 OBSAH 
996 |b 284M038602  |c M*10071-1  |l MMKN  |s A  |a 24  |w stu20905_0001 
996 |b C94629  |c C*94629  |l CCXIV  |s P  |a 0  |w stu20905_0002